000
00299nam a2200109Ia 4500
005
20251222144809.0
008
251222s9999||||xx |||||||||||||| ||spa||
082
_a
027.985/A68
245
0
_a
Primer Seminario Nacional de Archivos Históricos:
264
_b
Archivo General de la Nación
942
_c
LIB
999
_c
20033
_d
20033